000 01019nam a22002897a 4500
003 DO-SdBNP
005 20230417151752.0
007 ta
008 100322s2019 dr 000 0 spa d
020 _a9789945616149
040 _aDO-SdBNP
_bspa
_cBNPHU
082 4 _222
100 1 _aPierce, Jennifer
_937920
245 1 3 _aLa reforma penitenciaria en República Dominicana :
_buna mirada desde los objetivos de desarrollo sostenible de Naciones Unidas /
_cJennifer Peirce ; prólogo Natasha Despotovic ; prefacio Yamile Eusebio Paulino
260 _aSanto Domingo :
_bFUNGLODE,
_c2019.
300 _a99 p. ;
_c21 cm.
490 1 _aEstudios y reflexiones
490 1 _aDerecho
500 _aIncluye datos biográficos de la autora.
504 _aBibliografía : p. 95-99
590 _aInventariado, 2021/ YL
700 1 2 _aDespotovic, Natasha,
_eprol.
_974370
700 1 2 _aPaulino, Yamile Eusebio,
_epref.
_978256
830 0 _aEstudios y reflexiones
_pderecho
_978257
910 _aYLOCKWARD
942 _2ddc
_cLBS1
999 _c49671
_d49671